قطرہ قطرہ / (Record no. 108380)

MARC details
000 -LEADER
fixed length control field 00853nam a22002537a 4500
005 - DATE AND TIME OF LATEST TRANSACTION
control field 20170123162339.0
010 ## - LIBRARY OF CONGRESS CONTROL NUMBER
LC control number A-798198
020 ## - INTERNATIONAL STANDARD BOOK NUMBER
Terms of availability 50.00
035 ## - SYSTEM CONTROL NUMBER
System control number A-798198
037 ## - SOURCE OF ACQUISITION
Source of stock number/acquisition Cen Lib/Ret
040 ## - CATALOGING SOURCE
Original cataloging agency DPL
Language of cataloging UR
082 ## - DEWEY DECIMAL CLASSIFICATION NUMBER
Classification number 840.4
Item number م ح م
100 ## - MAIN ENTRY--PERSONAL NAME
Personal name محمّد شرف الدین ساحل
9 (RLIN) 126276
245 ## - TITLE STATEMENT
Title قطرہ قطرہ /
Statement of responsibility, etc محمّد شرف الدین ساحل
246 ## - VARYING FORM OF TITLE
Title proper/short title Qatra qatra /
Remainder of title by M. Sharfuddin Sahil
260 ## - PUBLICATION, DISTRIBUTION, ETC. (IMPRINT)
Place of publication, distribution, etc ناگپور
Name of publisher, distributor, etc علیم پرنٹرز
Date of publication, distribution, etc 1996
270 ## - ADDRESS
City ناگپور
Address سلمان فائن آرٹ مومن پورا
300 ## - PHYSICAL DESCRIPTION
Extent 152p.
Dimensions 21cm(Hb)
650 ## - SUBJECT ADDED ENTRY--TOPICAL TERM
Topical term or geographic name as entry element ادب - اردو
9 (RLIN) 126277
650 ## - SUBJECT ADDED ENTRY--TOPICAL TERM
Topical term or geographic name as entry element اردو مطالع -- اداریہ
9 (RLIN) 110826
650 ## - SUBJECT ADDED ENTRY--TOPICAL TERM
Topical term or geographic name as entry element Literature -- Urdu
9 (RLIN) 126278
650 ## - SUBJECT ADDED ENTRY--TOPICAL TERM
Topical term or geographic name as entry element Urdu Mutala
9 (RLIN) 126279
942 ## - ADDED ENTRY ELEMENTS (KOHA)
Source of classification or shelving scheme Dewey Decimal Classification
Koha item type Urdu Bks
Classification part 840.4
Call number suffix م ح م
Holdings
Withdrawn status Lost status Damaged status Not for loan Home library Current library Date acquired Source of acquisition Cost, normal purchase price Total Checkouts Full call number Barcode Date last seen Copy number Cost, replacement price Price effective from Koha item type
        Central Library Central Library 20/01/2016 Cen Lib/Ret 40.00   840.4 م ح م A-798198 20/01/2016 1 40.00 20/01/2016 Urdu Bks

© Delhi Public Library
Hit Counter
free hit counter